The works of António A. Monteiro

Guardado en:
Autor Principal: Monteiro, Antonio A. R. 1907-1980.
Otros Autores: Ortiz, Eduardo L. (Editor ), Gomes, Alfredo Pereira. (Editor ), Kahane, Jean-Pierre. (Autor de introducción, etc.)
Formato: Electrónico
Idioma:Multiple
Publicado: Lisbon : London : Fundação Calouste Gulbenkian ; The Humboldt Press, 2008.
Etiquetas: Agregar Etiqueta
Sin Etiquetas, Sea el primero en etiquetar este registro!
LEADER 01004nmm a22002055a 4500
001 MAT.inmabb006407
008 101022s2008####po#########m########mul#d
005 20130207171941.0
245 1 4 |a The works of António A. Monteiro  |h [recurso electrónico] /  |c edited by Eduardo L. Ortiz and Alfredo Pereira Gomes ; presentation by Jean-Pierre Kahane. 
260 |a Lisbon :  |b Fundação Calouste Gulbenkian ;  |a London :  |b The Humboldt Press,  |c 2008. 
300 |a 1 CD-ROM ;  |c 12 cm. 
500 |a Edición publicada con el apoyo de: Académie des Sciences (Paris), Academia das Ciencias de Lisboa, Real Academia de Ciencias (Madrid), Academia Nacional de Ciencias (Argentina), Academia Brasilera de Ciências. 
500 |a Archivos en formato PDF. 
100 1 |a Monteiro, Antonio A. R.  |q (Antonio Aniceto Ribeiro),  |d 1907-1980. 
240 1 0 |a Obras 
700 1 |a Ortiz, Eduardo L.  |4 edt 
700 1 |a Gomes, Alfredo Pereira.  |4 edt 
700 1 |a Kahane, Jean-Pierre.  |4 aui 
084 |a 01A75  |2 msc2000 
859 |p CD-6  |b BIB. MATEMATICA